000 00543nam a2200181Ia 4500
008 140527s9999 xx 000 0 und d
020 _a9780273736219
050 _aHV 6080
_b.H69 2012
100 _aHowitt, Dennis.
245 _aIntroduction to forensic and criminal psychology /
_cDennis Howitt
250 _a4th ed.
260 _aHarlow, England :
_bPearson,
_cc2012.
300 _a604 p. :
_bcol. ill. ;
_c25 cm.
500 _aIncludes bibliographical references and index.
521 _aPSYCH
942 _kFOR
_cBK
999 _c117430
_d117430